000 00343nam a2200121Ia 4500
008 160609s9999 xx 000 0 und d
100 _aAbell, James.
245 _aHow To Create Cities Of The Imagination
245 _cBy:James Abell
260 _c2015
650 _xCOMPUTER ANIMATION
856 _uhttp://file.ebook777.com/014/B00TVVXAP6.pdf
999 _c295733
_d295733